000 01091nam0a22002411 4500
001 rc\1186697
005 20260406124433.0
035 _a(NLR Aleph) 006432975
090 _a5565427
_c5565427
100 _a20041129d1980 |||y0rusy50 ca
101 0 _arus
102 _aRU
105 _ay |||||||||
200 1 _aРекомендации по оплате труда пчеловодов Узбекской ССР
_fСреднеаз. отд-ние ВАСХНИЛ и др.
210 _aТашкент
_cБ. и.
_d1980
215 _a21 с.
_d21
300 _aВ надзаг. также: М-во сел. хоз-ва УзССР, Упр. по орг. колх. и совх., Н.-и. об-ние по пчеловодству "Пчелопром". Среднеаз. НИИ экономики сел. хоз-ва. Ташк. обл. правл. НТО сел. хоз-ва
712 0 2 _aВАСХНИЛ
_bСреднеазиатское отделение
_3RU\NLR\AUTH\8817287
_9307793
801 0 _aRU
_bNLR
_gpsbo
801 1 _aRU
_bELAR
_2rusmarc
852 _aNLR
_j81-6/2738
942 _cBOOK
980 _aNB